| 000 | 00493nam a2200193 a 4500 | ||
|---|---|---|---|
| 001 | 000034362 | ||
| 005 | 20200930073646.0 | ||
| 008 | 111003s1977 sp 000 0 spa d | ||
| 020 | _a8423910040 | ||
| 040 |
_aDO-SdBNP _bspa _cBNPHU |
||
| 082 |
_axxx _bH766o |
||
| 100 | 1 |
_aHomero _938113 |
|
| 245 | 1 | 0 |
_aOdisea / _cHomero. |
| 250 | _a11a ed. | ||
| 260 |
_aMadrid : _bEspasa-Calpe, _c1977. |
||
| 300 |
_a256 p. ; _c19 cm. |
||
| 490 | 1 |
_aAustral _vno. 1004 |
|
| 830 | 0 |
_aAustral _nno. 1004 _959787 |
|
| 999 |
_c33853 _d33853 |
||